British Birds by Picture - Herons, Egrets and Bitterns - Statistics

General Stats
  • This quiz has been taken 11 times
  • The average score is 11 of 15
Answer Stats
Picture Hint Answer % Correct
Botaurus stellaris Eurasian Bittern
100%
Ardea alba Great White Egret
100%
Ardea cinerea Grey Heron
100%
Egretta garzetta Little Egret
86%
Ardea ibis Western Cattle Egret
86%
Nycticorax nycticorax Black-Crowned Night Heron
71%
Ardea herodias Great Blue Heron
71%
Butorides virescens Green Heron
71%
Ardea purpurea Purple Heron
71%
Egretta thula Snowy Egret
71%
Botaurus lentiginosus American Bittern
57%
Ardeola bacchus Chinese Pond Heron
57%
Botaurus exilis Least Bittern
57%
Botaurus minutus Little Bittern
57%
Ardeola ralloides Squacco Heron
57%
No matching quizzes found
Score Distribution
Percent of People with Each Score
Percentile by Number Answered
Your Score History
You have not taken this quiz